Religion Quiz

Random Religion or Letter Quiz

Bible Books by Any 3 Letters Quiz Stats

Quiz Updated Dec 23, 2013

Challenge
Share
Tweet
Embed
Score 0/66 Timer 03:00
16 Plays Today
% Correct
Revelation to John
95.8%
Genesis
94.6%
1 John
94.3%
3 John
94.2%
2 John
94.1%
John
94%
Matthew
92.6%
Mark
90.8%
Luke
88.8%
Exodus
86.9%
Deuteronomy
82.9%
1 Corinthians
81.5%
2 Corinthians
81.3%
Leviticus
80.9%
Psalms
79.7%
Numbers
79%
Ruth
77.9%
Esther
75.2%
1 Kings
73.4%
2 Kings
73%
Romans
72.3%
Acts
72%
1 Thessalonians
71.2%
2 Thessalonians
71%
Judges
70.7%
Philippians
70.3%
Jude
70.1%
Ephesians
69.3%
Zephaniah
68.5%
Galatians
67.9%
Job
67.4%
Colossians
67.4%
Song of Solomon
65.9%
% Correct
1 Peter
65.6%
Isaiah
65.5%
2 Peter
65.1%
1 Samuel
64.3%
2 Samuel
63.3%
Joshua
63%
1 Chronicles
61.2%
2 Chronicles
60.7%
Jeremiah
59.9%
Proverbs
59.7%
Philemon
58.8%
Jonah
57.8%
1 Timothy
57.8%
2 Timothy
57.2%
Zechariah
56.5%
Nehemiah
55.6%
Ecclesiastes
55.1%
Lamentations
54.9%
Daniel
53.9%
Ezekiel
53.1%
Obadiah
52.2%
James
51%
Malachi
48%
Hebrews
46.4%
Amos
45.9%
Ezra
45.8%
Titus
44.1%
Habakkuk
42%
Micah
41.8%
Joel
39.2%
Hosea
38.7%
Nahum
37.1%
Haggai
36.5%

You're not logged in!

Compare scores with friends on all Sporcle quizzes.
Sign Up with Email
OR
Log In

You Might Also Like...

Show Comments

Extras

Top Quizzes Today


Score Distribution

Your Account Isn't Verified!

In order to create a playlist on Sporcle, you need to verify the email address you used during registration. Go to your Sporcle Settings to finish the process.